UCM

Os Irmaos Wright (Record no. 27126)

MARC details
000 -LEADER
fixed length control field 00475nam a22001577a 4500
008 - FIXED-LENGTH DATA ELEMENTS--GENERAL INFORMATION
fixed length control field 131016b xxu||||| |||| 00| 0 eng d
020 ## - INTERNATIONAL STANDARD BOOK NUMBER
International Standard Book Number 972-570-062-7
100 ## - MAIN ENTRY--PERSONAL NAME
Personal name SPROULE, Anna
245 ## - TITLE STATEMENT
Title Os Irmaos Wright
Remainder of title A historia da luta para construir a pilotar o primeiro aviao
Statement of responsibility, etc Anna Sproule
250 ## - EDITION STATEMENT
Edition statement 1ª ed.
260 ## - PUBLICATION, DISTRIBUTION, ETC. (IMPRINT)
Place of publication, distribution, etc Lisboa
Name of publisher, distributor, etc Editora Replicacao
Date of publication, distribution, etc 1991
300 ## - PHYSICAL DESCRIPTION
Extent 64p
440 ## - SERIES STATEMENT/ADDED ENTRY--TITLE
Title Cientistas que transformaram o mundo
650 ## - SUBJECT ADDED ENTRY--TOPICAL TERM
Topical term or geographic name as entry element Biografia
942 ## - ADDED ENTRY ELEMENTS (KOHA)
Source of classification or shelving scheme Universal Decimal Classification
Item type Books
Holdings
Withdrawn status Lost status Source of classification or shelving scheme Damaged status Not for loan Collection code Home library Current library Shelving location Date acquired Source of acquisition Cost, normal purchase price Inventory number Total Checkouts Full call number Barcode Date last seen Price effective from Koha item type
    Universal Decimal Classification     Reference Nampula - Educação e Comunicação Nampula - Educação e Comunicação General Stacks 16/10/2013 ORG 0.00 4390   929 2069073 21/02/2020 16/10/2013 Books
    Universal Decimal Classification     Reference Nampula - Educação e Comunicação Nampula - Educação e Comunicação General Stacks 16/10/2013 ORG 0.00 4390   929 2069077 21/02/2020 16/10/2013 Books
    Universal Decimal Classification     Reference Nampula - Educação e Comunicação Nampula - Educação e Comunicação General Stacks 16/10/2013 ORG 0.00 4390   929 2069083 21/02/2020 16/10/2013 Books
    Universal Decimal Classification     Reference Nampula - Educação e Comunicação Nampula - Educação e Comunicação General Stacks 16/10/2013 ORG 0.00 4390   929 2069084 21/02/2020 16/10/2013 Books
    Universal Decimal Classification     Reference Nampula - Educação e Comunicação Nampula - Educação e Comunicação General Stacks 16/10/2013 ORG 0.00 4390   929 2069085 21/02/2020 16/10/2013 Books

Universidade Católica de Moçambique - Rua Marquês de Soveral, 960, Palmeiras II, Beira, Moçambique

Tel (Central): (+258) 23 313 077 - Fax: (+258) 23 311 520 - Email: reitoria@ucm.ac.mz - Web: www.ucm.ac.mz